000 00628nam a2200229 a 4500
999 _c1065
_d1065
001 1065
003 BD-JhCC
005 20200326134008.0
008 171014s2002 bg |||| ||a| 000 0 ben d
020 _a9847761531
035 _a(BD-JhCC)1065
040 _aBD-JhCC
_dBD-JhCC
041 _aben
082 _a891.4435
_bHIA 2002
100 _aহায়াত, আবুল
245 _aঅচেনা তারা /
_c আবুল হায়াত
260 _aঢাকা :
_bঐতিহ্য,
_c2002.
300 _a126 p. ;
_c22 cm.
650 _aShort stories, Bengali
942 _2ddc
_cBK
_02